| 000 | 01080nam2a22002651 4500 | ||
|---|---|---|---|
| 001 | RU\NLR\Per\508869 | ||
| 005 | 20260405060445.0 | ||
| 035 | _a(NLR Aleph) 002687330 | ||
| 090 |
_a4193636 _c4193636 |
||
| 100 | _a20070816d1994 |||y0rusy50 ca | ||
| 101 | 1 |
_arus _cger |
|
| 102 | _aRU | ||
| 105 | _ay ||||||||| | ||
| 200 | 1 |
_aАгасфер _fГейм С. |
|
| 210 |
_d1994 _aБ. м. |
||
| 461 | 0 |
_1001RU\NLR\INFOCOMM15\1000024858 _12001#$aАльманах немецкой литературы$eПер. с нем.$fЖурн. "Иностр. лит.". Ин-т им. Гете$vВып.4 _93984772 _cМ. _d1991- _fЖурн. "Иностр. лит.". Ин-т им. Гете _nИзвестия _oПер. с нем. _tАльманах немецкой литературы _vВып.4 |
|
| 702 | 1 |
_8rus _7ca _aГейм _bС. _f1913-2001 _gСтефан _3RU\NLR\AUTH\7719769 _92840 |
|
| 801 | 2 |
_aRU _bNLR _c20070816 _2rusmarc |
|
| 801 | 0 |
_aRU _bNLR _c20070816 _gpsbo |
|
| 801 | 1 |
_aRU _bNLR _c20070816 _2rusmarc |
|
| 852 |
_aNLR _jП34/1030 |
||
| 942 | _cISSUE | ||
| 980 | _aNB | ||
| 980 | _aRUSPER | ||